000 00528nam a2200181 a 4500
001 3023
003 CDMR
005 20130326114145.0
008 130130s1993||||||||||||||||||||||||||||d
020 _a8429736522
040 _aCDMR
_bcat
_cCPC LLEIDA
100 1 _aBou, Enric
_92221
245 1 0 _aPapers privats
_b: assaig sobre les formes literàries autobiogràfiques
_cEnric BOU
260 _aBarcelona
_c1993
_bEdicions 62
490 0 _aCol·lecció Premis Josep Vallverdú
490 0 _aLlibres a l'abast
_v271
942 _cMON
_2udc
999 _c3023
_d3023